000 00300nam a22001337a 4500
008 170530b xxu||||| |||| 00| 0 eng d
020 _a9780070358782
041 _aeng
080 _a93
100 _a17
101 _aSHH
245 _aAMERICA RUSSIA AND THE COLD WAR
_cLAFEBER, W
942 _2udc
_cBK
999 _c15023
_d15023